000 02916nam0a2200385 4500
001 RU\NLR\BIBL_A\022711042
005 20260426072503.0
010 _a978-5-7996-4020-0
_930
021 _aRU
_bКН-П-25-073411
_9КН-П-25-7110
035 _a(NLR Aleph) 022711042
090 _a13692832
_c13692832
100 _a20260129d2025 u y0rusy50 ca
101 0 _arus
102 _aRU
105 _aa j 000yy
181 0 _ai3
_baxxe
182 0 _an
200 1 _aОсновы спортивной культуры Китая
_eучебное пособие
_eдля студентов вуза, обучающихся по направлениям подготовки 49.03.01 "Физическая культура", 49.03.02 "Физическая культура для лиц с отклонениями в состоянии здоровья (адаптивная физическая культура)", 49.03.04 "Спорт"
_fИцун Юй, Л. Н. Рогалева, Г. А. Ямалетдинова [и др.]
_gпод общей редакцией Л. А. Боярской
_gМинистерство науки и высшего образования Российской Федерации, Уральский федеральный университет имени первого Президента России Б. Н. Ельцина, [Институт физической культуры, спорта и молодежной политики]
203 _aТекст
_bвизуальный
_cнепосредственный
210 _aЕкатеринбург
_cИзд-во Уральского университета
_d2025
215 _a114, [1] с.
_cил., табл.
_d20
300 _aАвт. указаны на обороте тит. с.
320 _aБиблиогр.: с. 113 и в подстроч. примеч.
606 1 _aФизическая культура и спорт
_jУчебные издания для высших учебных заведений
_yКитайская Народная Республика
_91330040
_3RU\NLR\AUTH\66553158
686 _aЧ514(5Кит)я73
701 0 _aИцун Юй
701 1 _aРогалева
_bЛ. Н.
_gЛюдмила Николаевна
701 1 _7ca
_8rus
_aЯмалетдинова
_bГ. А.
_f1955-
_gГалина Александровна
_9141288
_3RU\NLR\AUTH\770141324
702 1 _aБоярская
_bЛ. А.
_gЛюдмила Алексеевна
_4340
712 0 2 _4570
_aУральский федеральный университет им. первого Президента России Б. Н. Ельцина
_bИнститут физической культуры, спорта и молодежной политики
_cЕкатеринбург
_9376365
_3RU\NLR\AUTH\8810245266
942 _cBOOK
980 _aNB